8 mots dans mots : reg (mort subite) - Statistiques

Statistiques générales
  • Ce quiz a été pris 24 fois
  • Le résultat moyen est 5 sur 8
Answers on the Grid
Answers color-coded by a green-red scale on the quiz's grid according to % correct below.
réen---istrer
déb---uetter
cho---raphique
bar---e-réservoir
anti---lementaire
f---mentairement
ext---alactique
sur---énérateur
p---matiquement
dé---lementation
f---iliser
ir---ulièrement
encou---er
désag---er
ba---ouiner
thermo---ulatrice
 
Statistiques - réponses
Réponse % Correct
cho---raphique
83%
réen---istrer
78%
anti---lementaire
61%
dé---lementation
56%
thermo---ulatrice
56%
désag---er
50%
ir---ulièrement
50%
sur---énérateur
39%
Aucun quiz correspondant
Distribution des résultats
% des personnes avec chaque résultat
Percentile par nombre de réponses
Votre historique - résultats
Vous n’avez pas pris ce quiz